Представление документа в формате MARC21

Поле Инд. ПП Название Значение
Тип записи a
Библиографический уровень m
001 Контрольный номер ea78e5fe-7b7b-4d44-8141-729281efb150
005 Дата корректировки 20140703160945.3
008 Кодируемые данные 071106
020 a ISBN 5-7755-0411-9 (ч. 2)
a ISBN 5-7755-0412-7
c Цена, тираж 55.00
040 a Служба первич. каталог. НБ ТвГУ
041 a Код языка текста rus
080 a Индекс УДК 811.161.1(075.2)
084 a Индекс другой классификации/Индекс ББК Ш141.12-920
090 x Авторский знак Р41
a Полочн. индекс Ш141.12
100 1_ a Автор Репкин Владимир Владимирович
245 10 a Заглавие Букварь
n Номер части/ раздела Ч. 2
b Продолж. заглавия учеб. для 1 кл. четырехлет. нач. шк. : (система Д. Б. Эльконина - В. В. Давыдова) : в 2 ч.
c Ответственность В. В. Репкин, Е. В. Восторгова, В. А. Левин
250 a Основные сведения об издании 3-е изд.
260 0_ a Место издания Москва
b Издательство Вита-Пресс
c Дата издания 2002
300 a Объем 110, [1] с.
b Иллюстрации/ тип воспроизводства цв. ил.
583 a Действие Получение впервые 279 01.11.2007
k Исполнитель действия Дар педагогического факультета ТвГУ
583 a Действие Приписка 11 29.01.2008
k Исполнитель действия Дар педагогического факультета ТвГУ
650 a Основная рубрика Русский язык
x Основная подрубрика Учебники для начальной школы
x Основная подрубрика Буквари
653 a Ключевые слова Русский язык
a Ключевые слова Буквари
700 1_ a Другие авторы Восторгова Елена Вадимовна
e Роль лиц авт.
700 1_ a Другие авторы Левин Вадим Александрович
e Роль лиц авт.
852 t Порядковый номер экземпляра 2
p Инвентарный номер 887561
p Инвентарный номер 902158 100.00
863 t 00205481
863 t 00211384
888 a Бесплатные
930 a Новая/Ретро учебники
952 p 279.2007 55.00 1 887561
p 11.2008 100.00 1 902158
c Вид литературы К ру
954 a Дата поступления на обработку 20071113
999 a Подразделение 2 Фил2